| 000 | 01560nam0a2200325 i 4500 | ||
|---|---|---|---|
| 001 | RU\NLR\BIBL_A\010881477 | ||
| 005 | 20241103123413.0 | ||
| 010 |
_a9785796803226 _9500 |
||
| 021 |
_aRU _b2015-77791 _94705 |
||
| 035 | _a(NILC)RuMoRGB-008041002 | ||
| 035 | _a(NLR Aleph) 010881477 | ||
| 090 |
_a10506827 _c10506827 |
||
| 100 | _a20151105d2014 um y0rusy50 ca | ||
| 101 | 0 | _arus | |
| 102 | _aRU | ||
| 105 | _aa|||z||||01yy | ||
| 200 | 1 |
_aВведение в психологию девиантного поведения _eучебно-методическое пособие _fН. Н. Лазо _gМ-во образования и науки РФ, Федеральное гос. бюджетное образовательное учреждение высш. проф. образования "Камчатский гос. ун-т им. Витуаса Беринга" |
|
| 210 |
_aПетропавловск-Камчатский _cКамГУ _d2014 |
||
| 215 |
_a268 с. _cил. _d21 |
||
| 320 | _aБиблиогр. в конце тем | ||
| 606 |
_aОтклоняющееся поведение _jУчебные издания для повышения квалификации _xПсихологические исследования _91815540 _3RU\NLR\AUTH\66819498 |
||
| 610 | 0 | _aпсихология девиантного поведения | |
| 675 | _a159.9 | ||
| 686 | 1 | _aЮ936.2-81я77 | |
| 700 | 1 |
_aЛазо _bН. Н. |
|
| 801 | 0 |
_aRU _bРГБ _c20151012 _gRCR |
|
| 942 | _cBOOK | ||
| 980 | _aNBR | ||